000 01295nam0a2200349 4500
001 RU\NLR\BIBL_A\022459828
005 20250421174940.0
010 _a978-5-0064-0938-5
021 _aRU
_bКН-П-24-080596
_9КН-П-24-8044
035 _a(NLR Aleph) 022459828
090 _a13363243
_c13363243
100 _a20250217d2024 u y0rusy50 ca
101 0 _arus
102 _aRU
105 _aa z 000ay
181 0 _ai3
_baxxe
181 0 _ab2
_bxb2e
182 0 _an
200 1 _aЗапах дождя
_e[детективный роман]
_fПётр Некрасов
_g[иллюстрации: Наталия Бесфамильная]
203 _aТекст
_aИзображение
_bвизуальные
_cнепосредственные
210 _a[Б. м.]
_cИздательские решения
_d2024
215 _a467, [4] с.
_cил.
_d22
225 1 _aСтудент
_vкн. 2
333 _a18+
686 2 _aШ6(2=Р)8-446
700 1 _aНекрасов
_bП. А.
_cписатель, вирусолог
_f1973-
_gПётр Алексеевич
_3RU\NLR\AUTH\770240926
702 1 _aБесфамильная
_bН.
_gНаталия
_4440
942 _cBOOK
980 _aNB